Smoking and adolescence: international public health experiences (Record no. 32718)

MARC details
000 -LEADER
fixed length control field 00747nam a2200181 a 4500
008 - FIXED-LENGTH DATA ELEMENTS--GENERAL INFORMATION
fixed length control field 171106s2016 ||||||||||||||||| || u
020 ## - INTERNATIONAL STANDARD BOOK NUMBER
International Standard Book Number 9781634843119
050 ## - LIBRARY OF CONGRESS CALL NUMBER
Classification number HV 5745 Smo
100 ## - MAIN ENTRY--PERSONAL NAME
Personal name Mazaba, Mazyanga L
245 10 - TITLE STATEMENT
Title Smoking and adolescence: international public health experiences
Statement of responsibility, etc. Edited By Mazyanga L. Mazaba, Seter Siziya [and] Joav Merrick
260 ## - PUBLICATION, DISTRIBUTION, ETC.
Place of publication, distribution, etc. New York:
Name of publisher, distributor, etc. Nova Science Publishers
Date of publication, distribution, etc. 2016
300 ## - PHYSICAL DESCRIPTION
Extent viii, 329p.: ill.
350 ## -
-- 25.00
650 ## - SUBJECT ADDED ENTRY--TOPICAL TERM
Topical term or geographic name entry element HEALTH BEHAVIOUR
650 ## - SUBJECT ADDED ENTRY--TOPICAL TERM
Topical term or geographic name entry element YOUTH--SOCIAL CONDITIONS
650 ## - SUBJECT ADDED ENTRY--TOPICAL TERM
Topical term or geographic name entry element YOUTH--TOBACCO USE
995 ## -
-- MEDICAL LIBRARY OPEN ACCESS
-- 904076
-- CBU-SCHOOL OF MEDICINE LIBRARY (Ndola)
-- HV 5745 Smo
-- 1
-- AVAILABLE
-- Nov 6, 2017
-- 904076
-- Medical Library Open Access Collection
999 ## -
-- 32718
-- 32718
Holdings
Withdrawn status Lost status Source of classification or shelving scheme Damaged status Not for loan Permanent Location Current Location Shelving location Date acquired Total Checkouts Full call number Barcode Date last seen Price effective from Koha item type
          CBU-SCHOOL OF MEDICINE LIBRARY, NDOLA. CBU-SCHOOL OF MEDICINE LIBRARY, NDOLA.   11/30/2022   HV 5745 Smo 904076 11/30/2022 11/30/2022 MONOGRAPH